[Event "Tata Steel"]
[Site "Wijk aan Zee 76"]
[Date "2014.01.18"]
[Round "6"]
[White "Aronian, Levon"]
[Black "So, Wesley"]
[Result "1-0"]
[WhiteElo "2812"]
[BlackElo "2719"]
[Annotator "JvR"]
[PlyCount "71"]
[EventDate "2014.01.??"]
[EventCountry "NED"]

1. c4 Nf6 2. Nf3 g6 3. Nc3 d5 4. cxd5 Nxd5 5. e4 Nxc3 6. bxc3 Bg7 7. Be2 c5 8.
O-O Nc6 9. Qa4 Bd7 10. Qa3 Qa5 11. Rd1 O-O 12. Rb1 b6 13. d4 Qxa3 14. Bxa3 Bg4
15. dxc5 $5 ({Known is} 15. Bb5 Rfc8 16. dxc5 bxc5) 15... Bxc3 16. Ba6 Rab8 17.
Rdc1 Bxf3 $2 ({Preferable is} 17... bxc5 18. Bxc5 Bb2) 18. gxf3 Bd2 19. Rd1 Bc3
20. Kg2 $1 bxc5 21. Bxc5 Bb4 22. Be3 Bd6 23. Rbc1 Nb4 24. Bc4 Rfc8 25. f4 Kf8
26. a3 Nc6 27. Ba6 Bxa3 $1 {Black seems to solve his problems.} 28. Rc4 $1 Rd8
$6 (28... Rc7 29. Rd3 Bd6 30. Rdc3 Nb4 31. Rxc7 Bxc7 32. Rxc7 Nxa6 33. Rxa7 Nb4
{offers more resistance.}) 29. Ra1 Bb2 30. Raa4 $1 {The knight lies under
attack.} Rd6 31. e5 $1 Re6 32. Rc2 Nd8 $6 (32... Rb4 33. Ra2 Bd4 34. Bc8 Nd8
35. Bxd4 Rxd4 {defends appropriately (ChessBase).}) 33. Bxa7 Ra8 34. Bb5 $1
Bxe5 35. fxe5 Rxe5 36. Be3 {Aronian increased his lead to one point.} 1-0

[Event "Tata Steel"]
[Site "Wijk aan Zee 76"]
[Date "2014.01.18"]
[Round "6"]
[White "Karjakin, Sergey"]
[Black "Naiditsch, Arkadij"]
[Result "1-0"]
[WhiteElo "2759"]
[BlackElo "2718"]
[Annotator "JvR"]
[PlyCount "151"]
[EventDate "2014.01.??"]
[EventCountry "NED"]

1. Nf3 d5 2. g3 Nf6 3. Bg2 c5 4. d4 Nc6 5. O-O e6 6. c4 dxc4 7. Ne5 Bd7 8. Na3
cxd4 9. Naxc4 Bc5 10. Bf4 Nd5 $5 11. Nxd7 Qxd7 12. Ne5 Nxe5 $5 13. Bxe5 O-O 14.
Bxd4 Bxd4 15. Qxd4 {White has some pressure.} Qb5 $5 16. Bxd5 exd5 {Black has
an isolated pawn in the centre.} 17. e3 Rfc8 $5 18. b3 h6 19. Rfd1 Rc5 20. Kg2
a5 21. Rac1 $1 Rac8 22. Rxc5 Rxc5 23. Qe5 Qc6 24. Rd4 b6 25. Qf5 Qe6 26. Qd3
Qc6 27. Qf5 Qe6 28. Qd3 Qc6 29. h4 $1 {Karjakin continues the game.} b5 $5 30.
a3 $1 g6 $2 31. Qd2 $2 (31. e4 $1 Rc3 32. exd5 $1 Rxd3 33. dxc6 Rc3 34. Rc4 $1
bxc4 35. b4 $1 {wins elegantly.}) 31... Rc3 32. Rxd5 Rxb3 33. Qd4 Kh7 34. h5 $1
gxh5 35. Qe4+ Qg6 36. Rf5 Kg8 37. Qe8+ Kg7 38. Qe5+ f6 39. Qf4 Qg4 40. Qc7+ $1
Kg6 41. Rf4 Qe6 42. Qxa5 {White has a positional advantage in the endgame.}
Qc6+ 43. e4 Qe6 44. Qa8 Rc3 45. Kh2 Rc5 46. Qf8 Rc4 47. Qd8 Rxe4 48. Qd3 f5 49.
Qxb5 Rxf4 50. gxf4 {He has a better queen ending.} h4 51. Qe5 Qc6 52. Qe3 Kh5
53. f3 Qg6 $1 54. Qe1 Qc6 55. Qe5 Qg6 56. Qe1 Qc6 57. Kg2 h3+ $2 {Black gives
away a pawn.} (57... Qc8 {draws.}) 58. Kg3 $1 h2 59. Qh1 Qc5 60. Qxh2+ Kg6 61.
a4 Qa7 62. Qa2 Qg1+ 63. Qg2 Qe1+ $5 64. Qf2 Qa1 65. Qb6+ $1 Kh5 66. Qe3 Qh8 ({
The pointe is} 66... Qxa4 67. Qe6 $1) 67. a5 $1 Qg8+ 68. Kh3 Qa8 69. Qb3 Qe8 $5
70. a6 $1 Qe7 71. Qb1 Kg6 72. Qg1+ Kh5 73. a7 Qa3 74. Kg3 Qa5 75. Qe3 Qd8 76.
Qe5 $1 {Karjakin joined the second place with Giri.} 1-0

[Event "Tata Steel"]
[Site "Wijk aan Zee 76"]
[Date "2014.01.21"]
[Round "8"]
[White "Karjakin, Sergey"]
[Black "Gelfand, Boris"]
[Result "1-0"]
[WhiteElo "2759"]
[BlackElo "2777"]
[Annotator "JvR"]
[PlyCount "119"]
[EventDate "2014.01.??"]
[EventCountry "NED"]

1. e4 c5 2. Nf3 d6 3. d4 cxd4 4. Nxd4 Nf6 5. Nc3 a6 6. h3 e5 7. Nde2 h5 8. g3
b5 9. Bg5 $5 Nbd7 10. Nd5 Bb7 11. Nec3 Rc8 12. Bg2 Be7 13. Nxe7 Qxe7 14. h4 Nb6
$1 15. Qd3 Qc7 16. Bh3 Rb8 $6 ({Better is} 16... Nfd7 $1) 17. Bxf6 gxf6 18.
O-O-O b4 19. Nd5 Nxd5 20. exd5 Bc8 21. f4 Bxh3 22. Rxh3 Kf8 $5 23. fxe5 fxe5
24. Rh2 Kg7 25. Rf2 Rh6 26. Qxa6 $5 {White gains a pawn.} b3 $1 {Boris
counters.} 27. axb3 Rxb3 28. Qc6 Qa7 29. Rxf7+ $1 Qxf7 30. cxb3 Rg6 31. b4 Qf3
$5 32. Qc3 $5 Qf2 $2 ({Right is} 32... Qxg3 33. Qxg3 Rxg3 34. Kc2 Kf6 35. Re1
Ke7 {and Black fights for survival.}) 33. Rd3 Rf6 34. Kb1 Qg1+ 35. Ka2 Qa7+ 36.
Kb3 Rf1 37. Rf3 Ra1 38. Qe3 $1 Qxe3+ 39. Rxe3 {White has a won rook ending.}
Kg6 40. b5 Ra8 41. Kb4 Rb8 42. Rf3 $5 e4 43. Rf1 e3 44. Kc4 $5 (44. Re1 $1 {
wins easily.}) 44... Rc8+ 45. Kd3 Rc5 46. b4 Rxd5+ 47. Kxe3 Rxb5 48. Rf4 {
White has not spoiled the win.} d5 49. Kd3 Rb7 50. Kc2 Rb8 51. Kc3 Rb7 52. Rf8
Rc7+ 53. Kb3 $1 Rd7 54. b5 d4 55. Kc2 $1 d3+ ({The pointe is} 55... Rb7 56.
Rg8+ Kf5 57. Kd3 $1 {(Karjakin).}) 56. Kd2 Rd5 57. Rg8+ Kh6 58. Rg5 Rd4 59. Rc5
Kg6 60. b6 $1 {Karjakin neared Aronian.} 1-0

[Event "Tata Steel"]
[Site "Wijk aan Zee 76"]
[Date "2014.01.23"]
[Round "9"]
[White "Aronian, Levon"]
[Black "Karjakin, Sergey"]
[Result "1-0"]
[WhiteElo "2812"]
[BlackElo "2759"]
[Annotator "JvR"]
[PlyCount "121"]
[EventDate "2014.01.??"]
[EventCountry "NED"]

{The ninth round was played at the High Tech Campus in Eindhoven. Aronian led
by half-a-point on Karjakin. Their encounter became the decisive game of the
tournament.} 1. d4 Nf6 2. c4 e6 3. Nf3 b6 4. g3 Ba6 5. b3 Bb4+ 6. Bd2 Be7 7.
Nc3 O-O 8. Bg2 c6 9. e4 d5 10. exd5 cxd5 11. Ne5 Bb7 12. O-O Nc6 13. Bf4 Na5
14. Rc1 Ba3 15. Rb1 Bb4 16. Ne2 Nc6 17. Bg5 Be7 18. Nf4 Qd6 $5 ({Karjakin
played} 18... Ne4 $6 {against Leko in Zug 2013.}) 19. Bxf6 Bxf6 20. cxd5 exd5
$5 21. Bxd5 Bxe5 $5 22. dxe5 Qxe5 23. Re1 Qf6 24. Nh5 {White exerts some
pressure.} Qh6 25. Qg4 Qg6 26. Qh3 $5 Rad8 27. Nf4 Qf6 28. Be4 g6 29. Nd5 Qg7
30. Rbc1 Kh8 $2 ({Right is} 30... Rfe8 $1 31. Qh4 g5 $1 32. Qh5 Nd4 {and
equality (Giri).}) 31. Nxb6 $1 axb6 32. Bxc6 Bxc6 33. Rxc6 {White has gained a
pawn.} Rd2 34. Qh4 Rxa2 35. Qb4 h5 36. Qxb6 Ra1 37. Rcc1 Rxc1 38. Rxc1 Qb2 $1
39. Rd1 Kh7 40. Qb5 Kg7 41. Qd3 Rb8 42. Rb1 $1 Qe5 43. Qd2 h4 $5 44. Qb2 $1
Qxb2 45. Rxb2 {The rook stands behind the pawn in a well-known ending.} Rb4 46.
Kf1 Kf6 47. Ke2 Kf5 $5 {He counters.} (47... Ke5 48. Kd3 Kd5 49. Kc3 Re4 50. b4
Kc6 51. Ra2 hxg3 52. hxg3 {strongly favours White.}) 48. Kd3 g5 49. Kc3 Rb7 50.
b4 Kg4 $5 51. b5 Kh3 52. gxh4 gxh4 53. f4 $1 Kg4 54. b6 f5 55. Kd4 Kxf4 56. Rb3
$1 h3 57. Kd5 Kg4 58. Kc6 Rb8 59. Rg3+ $1 Kh4 60. b7 f4 61. Rg7 {Aronian
increased his lead.} 1-0

[Event "Tata Steel"]
[Site "Wijk aan Zee 76"]
[Date "2014.01.25"]
[Round "10"]
[White "Dominguez Perez, Leinier"]
[Black "Aronian, Levon"]
[Result "0-1"]
[WhiteElo "2754"]
[BlackElo "2812"]
[Annotator "JvR"]
[PlyCount "84"]
[EventDate "2014.01.??"]
[EventCountry "NED"]

1. e4 e5 2. Nf3 Nc6 3. Bb5 a6 4. Ba4 Nf6 5. O-O Be7 6. d3 b5 7. Bb3 O-O 8. Nc3
d6 9. a3 Na5 10. Ba2 Be6 11. Bg5 $5 (11. Bd2 {happened in Topalov -
Kasimdzanov 2013.}) 11... c5 12. b4 Nc6 13. Nd5 Bxd5 $5 {Aronian had prepared
this move.} 14. exd5 Nd4 15. bxc5 Nxf3+ 16. Qxf3 dxc5 {Levon aimed at this
position.} 17. Rfe1 Nd7 18. Bd2 Bd6 19. a4 f5 $1 20. Bb3 $6 ({Preferable is} 
20. Qh5 Qe8 21. Qxe8 Rfxe8) 20... e4 $1 21. dxe4 c4 $1 22. Ba2 Qh4 $1 {A
bishop has been locked up and Black takes the initiative.} 23. e5 $1 (23. g3 $6
Ne5 $1 24. Qe2 Qxe4 {favours Black (Aronian).}) 23... Bxe5 24. g3 Qg4 25. Qxg4
fxg4 26. c3 $2 (26. Rad1 Rf3 27. axb5 axb5 28. Bb1 {defends properly.}) 26...
Bf6 27. Bb1 b4 $1 {The attack on the queenside becomes strong.} 28. Re3 $5 Rad8
29. Bf5 h5 30. Rd1 b3 31. Bc1 Bg5 32. Be6+ Kh8 33. Re2 Bxc1 34. Rxc1 Nc5 $1 35.
a5 Rfe8 36. Kf1 g6 37. Rce1 Kg7 38. d6 Rxe6 39. Rxe6 Nxe6 40. Rxe6 Rd7 41. Re8
Rxd6 42. Ke2 Rd3 {Aronian had won the tournament.} 0-1

[Event "Tata Steel"]
[Site "Wijk aan Zee 76"]
[Date "2014.01.26"]
[Round "11"]
[White "Aronian, Levon"]
[Black "Van Wely, Loek"]
[Result "0-1"]
[WhiteElo "2812"]
[BlackElo "2672"]
[Annotator "JvR"]
[PlyCount "76"]
[EventDate "2014.01.??"]
[EventCountry "NED"]

1. d4 f5 2. Nf3 Nf6 3. Bf4 d6 4. e3 h6 5. h3 g5 6. Bh2 Bg7 7. Nbd2 O-O $5 8. c3
Nc6 9. Bd3 Rb8 $5 10. O-O Qe8 11. Re1 Qh5 12. Qc2 g4 13. hxg4 Nxg4 14. Bb5 Kh8
15. Qb3 Nd8 $5 16. Bg3 e5 17. dxe5 dxe5 18. Qb4 Ne6 19. Rad1 c5 $5 20. Qb3 $5
Nc7 21. Be2 Be6 22. Bc4 Bd7 23. Be2 $5 f4 24. exf4 exf4 25. Bh4 Bc6 26. Be7 $5
Rf7 $5 27. Bc4 Nd5 28. Bh4 $5 Rf5 $5 29. Bd3 Rff8 30. Bb1 Rbe8 31. Rxe8 $5 Rxe8
32. Ne4 $2 {Time trouble rages for both players.} Nde3 $2 33. fxe3 Bxe4 34.
Bxe4 Rxe4 35. Qxb7 Qg6 36. Rd8+ Kh7 37. Qd5 $2 Re6 {Black sets a trap.} 38.
exf4 $4 (38. Ne1 $1 Nxe3 39. Qf3 {equalises.}) 38... Bd4+ $1 {The final
standings became: Aronian 8/11, Giri and Karjakin 61/2, Dominguez, Caruana and
So 6, Harikrishna 51/2, Van Wely and Nakamura 5, Gelfand 41/2, Rapport and
Naiditsch 31/2.} ({Van Wely has planned} 38... Bd4+ 39. cxd4 Qb1+ 40. Be1 Qxe1+
41. Nxe1 Rxe1#) 0-1

[Event "Tata Steel B"]
[Site "Wijk aan Zee 76"]
[Date "2014.01.24"]
[Round "11"]
[White "Timman, Jan "]
[Black "Jobava, Baadur"]
[Result "1/2-1/2"]
[WhiteElo "2607"]
[BlackElo "2710"]
[Annotator "JvR"]
[PlyCount "160"]
[EventDate "2014.01.??"]
[EventCountry "NED"]

{Fourteen players participated in the Challengers Group. The Dutchman Timman
scored well. If he wins in the eleventh round and Saric draws, Jan will join
the lead.} 1. d4 Nf6 2. c4 c5 3. d5 g6 4. Nc3 Bg7 5. e4 O-O 6. Bd3 e6 7. e5 {
Both sides want to battle.} Ne8 8. Nf3 d6 9. Bg5 Qc7 10. Nb5 Qd7 11. dxe6 Qxe6
12. Be3 $5 ({Known is} 12. Be4 dxe5 13. Qd5) 12... dxe5 $1 {Black counters and
sacrifices an exchange.} 13. Bxc5 e4 14. Ng5 Qe5 15. Nxe4 f5 16. Bxf8 Kxf8 $5
17. O-O fxe4 18. Re1 Bf5 {He has to develop.} 19. Bxe4 $1 Bxe4 20. Nc3 Nf6 21.
Nxe4 Nxe4 22. Qf3+ (22. Qd8+ $1 Qe8 23. Qxe8+ Kxe8 24. Rxe4+ {gains an edge.})
22... Qf5 23. Qxe4 Qxe4 24. Rxe4 {The endgame is about equal.} Na6 25. Re2 Rc8
26. Rd1 $1 Rxc4 27. Rd8+ Kf7 28. Rd7+ Kf6 29. g3 Rc7 $2 ({Preferable is} 29...
Nc5 30. Rc7 Bf8) 30. Ree7 $1 Rc1+ $6 31. Kg2 Bf8 32. Rxh7 Bc5 33. Rxb7 Rc2 34.
Rhf7+ Ke5 35. a3 Bb6 36. b4 Nc7 37. Rb8 Nd5 38. Re8+ Kd6 39. Rf3 g5 $5 40. h3
$1 Ra2 41. Re4 Nc3 $6 42. Re1 $6 (42. Rd3+ $1 Nd5 43. Kf3 Rxf2+ 44. Kg4 {wins
quickly (Stohl).}) 42... Nd5 $5 43. h4 $1 g4 44. Rf8 Ne3+ 45. Kg1 Nc4 46. Rf6+
Kd5 47. Rf5+ Kd6 48. Re4 Nb2 49. Rf6+ $5 Kd5 50. Rxg4 Nd3 51. Rg5+ Ke4 52. Rgf5
Rxa3 53. Kg2 $1 Ra2 54. h5 Be3 55. Rf7 $5 Rb2 56. b5 Rc2 57. R5f6 Bd4 58. Re7+
Kd5 59. Rf5+ Kd6 60. Ref7 Ne5 61. R7f6+ Ke7 62. Rf4 Be3 63. R4f5 Bd4 64. Rf8
Ng4 65. R5f7+ Ke6 66. Rf4 Bc5 67. R8f7 Bd6 68. Rf3 Rb2 69. h6 Rxb5 70. Rg7 Nf6
71. g4 Be5 72. h7 Rb8 73. Rh3 Rh8 74. g5 $2 {Timman encounters the same
problem like in his great days: He fails ro deliver the final blow.} (74. Rh6
Bf4 75. g5 {wins for White.}) 74... Nd5 75. Rh6+ Kf5 76. Rg8 Ne7 77. Rxh8 Bxh8
78. f4 Kxf4 79. Re6 ({Or} 79. g6 Kg5 80. g7 Bxg7 81. h8=Q Bxh8 82. Rxh8 {drawn.
}) 79... Nf5 80. g6 Kg5 {The final standings at the top of the B-group became:
Saric 10/13, Timman and Jobava 81/2.} 1/2-1/2

[Event "Tata Steel"]
[Site "Wijk aan Zee 77"]
[Date "2015.01.11"]
[Round "2"]
[White "Caruana, Fabiano"]
[Black "Saric, Ivan"]
[Result "1-0"]
[WhiteElo "2820"]
[BlackElo "2666"]
[Annotator "JvR"]
[PlyCount "85"]
[EventDate "2015.01.10"]
[EventCountry "NED"]

{The seventy-seventh Tata tournament was played in Wijk aan Zee from 10 until
25 i 2015. Thirteen men and one woman participated in the main group.
Seventeen significant wins have been analysed. The Masters Group played two
external rounds in Rotterdam and the Hague (Mauritshuis).} 1. e4 e5 2. Nf3 Nc6
3. Bb5 a6 4. Ba4 Nf6 5. O-O Be7 6. Re1 b5 7. Bb3 d6 8. c3 O-O 9. h3 Re8 10. d4
Bb7 11. Nbd2 Bf8 12. d5 Nb8 13. Nf1 Nbd7 14. N3h2 a5 15. a4 $5 b4 16. cxb4 axb4
17. Bg5 Be7 $5 18. Bc4 Nc5 $1 19. Bxf6 Bxf6 20. Bb5 Rf8 21. Nd2 Ba6 22. Nb3
Bxb5 23. Nxc5 $1 Be8 $1 {The chances are equal.} 24. Nd3 Qb8 25. b3 Bg5 26. Nf1
$1 c6 $6 ({Preferable is} 26... Bd7) 27. Nb2 $6 (27. Qg4 $1 {gains a plus.})
27... f5 28. dxc6 Bxc6 29. exf5 d5 30. Ne3 $1 {White has a sufficient pressure
against the centre.} Qb7 $2 (30... h6 {protects a bishop.}) 31. Nd3 $1 Rae8 32.
Qg4 $1 {White threatens b4 and g5.} Bxe3 33. fxe3 $1 Bd7 {Black has to lose a
pawn.} 34. Qxb4 Qa8 35. g4 Qa6 36. Nc5 Qd6 37. e4 Rc8 38. Rac1 Rfd8 39. exd5 e4
40. Re3 Qh6 41. Qe1 Bxf5 42. gxf5 Rxd5 43. Nxe4 {Caruana led by 2/2.} 1-0

[Event "Tata Steel"]
[Site "Wijk aan Zee 77"]
[Date "2015.01.12"]
[Round "3"]
[White "Ivanchuk, Vassily"]
[Black "Van Wely, Loek"]
[Result "1-0"]
[WhiteElo "2715"]
[BlackElo "2667"]
[Annotator "JvR"]
[PlyCount "75"]
[EventDate "2015.01.10"]
[EventCountry "NED"]

1. e4 c5 2. Nf3 e6 3. d4 cxd4 4. Nxd4 Nc6 5. Nc3 d6 6. Be3 Nf6 7. Qe2 a6 8.
O-O-O Bd7 9. f4 Rc8 $5 ({Better is} 9... Qc7 10. g4 Nxd4 11. Rxd4 {(Ehlvest -
Radulov, Leningrad 1984)} e5) 10. Kb1 Qc7 11. Nb3 $1 b5 12. g4 b4 13. Na4 $1 e5
14. g5 $5 (14. Bb6 $1 Bxg4 15. Qxa6 Qb8 16. Bb5 {favours White.}) 14... Bg4 15.
Qg2 $1 Bxd1 16. Bxa6 $1 Nd7 17. Rxd1 $6 ({Preferable is} 17. Bxc8 Qxc8 18. Rxd1
) 17... Ra8 $6 ({Correct is} 17... Rb8 $1 18. f5 Be7) 18. Bb5 Be7 19. f5 Qb7 $2
({The alternative is} 19... O-O $5 20. f6 Rfb8 21. c4 Bf8) 20. c4 $1 O-O $6 21.
f6 $1 Bd8 22. Rxd6 Ncb8 23. Qg4 g6 24. h4 h5 25. Qf3 Bc7 26. Rxd7 Nxd7 27. Bxd7
Rad8 28. Nbc5 Qa8 29. Qd1 Qa7 30. Qd5 Ra8 31. Bd2 Rfd8 32. Bxb4 Ba5 33. a3 Qc7
34. Nc3 Bxb4 35. axb4 Qa7 36. Kc2 Rac8 37. Nb5 Qa1 38. Nd6 {Ivanchuk also won
in the next round and led by 31/2/4. Thereafter, he slowed down.} 1-0

[Event "Tata Steel"]
[Site "Wijk aan Zee 77"]
[Date "2015.01.12"]
[Round "3"]
[White "So, Wesley"]
[Black "Aronian, Levon"]
[Result "1-0"]
[WhiteElo "2762"]
[BlackElo "2797"]
[Annotator "JvR"]
[PlyCount "107"]
[EventDate "2015.01.10"]
[EventCountry "NED"]

1. e4 e5 2. Nf3 Nc6 3. d4 exd4 4. Nxd4 Nf6 5. Nxc6 bxc6 6. e5 Qe7 7. Qe2 Nd5 8.
Nd2 Rb8 9. c4 Nf4 $5 {Aronian plays a fine novelty.} 10. Qe3 Ng6 11. f4 f6 12.
Qxa7 $1 {So takes the risky way.} Rb7 13. Qf2 fxe5 14. f5 Nf4 15. Qf3 $5 ({A
fine alternative is} 15. a3 $1 Qf7 16. g3) 15... Qf7 16. g3 Nh5 17. Be2 Nf6 18.
g4 $1 {So wants the initiative.} d5 $1 19. g5 e4 $5 ({Preferable is} 19... Nd7
$1 20. Qh3 Nb6) 20. Qh3 $1 Ng8 $4 ({Correct is} 20... Nd7 21. Bh5 g6 22. Bxg6
hxg6 23. Qxh8 Nc5 {(Tadic).}) 21. Bh5 g6 22. fxg6 Bxh3 23. gxf7+ Kd7 24. fxg8=Q
Rxg8 25. Rg1 Bd6 26. cxd5 cxd5 27. Bf7 Rf8 28. Bxd5 Rb4 29. g6 hxg6 30. Rxg6
Rd4 31. Bxe4 Re8 32. Kf2 Rf8+ 33. Ke1 Re8 34. Kf2 Rf8+ 35. Ke3 c5 36. Rg7+ Kd8
37. Ke2 Bc8 38. Bf3 Ba6+ 39. Kf2 Rh4 40. Nf1 Kc8 41. Be3 Rh3 42. Nd2 Rxh2+ 43.
Kg1 Rxd2 44. Bg4+ Kb8 45. Bxd2 Be5 46. Re7 Bd4+ 47. Be3 Rg8 48. Bxd4 Rxg4+ 49.
Kf2 Rxd4 50. Rh1 Bb7 51. Rh8+ Ka7 52. Ke3 Rb4 53. b3 c4 54. Rh4 {The previous
winner Aronian did poorly.} 1-0

[Event "Tata Steel"]
[Site "Wijk aan Zee 77"]
[Date "2015.01.12"]
[Round "3"]
[White "Wojtaszek, Radoslaw"]
[Black "Carlsen, Magnus"]
[Result "1-0"]
[WhiteElo "2744"]
[BlackElo "2862"]
[Annotator "JvR"]
[PlyCount "103"]
[EventDate "2015.01.10"]
[EventCountry "NED"]

1. d4 d6 2. Nf3 g6 3. c4 f5 4. b4 Bg7 5. Bb2 a5 6. b5 a4 7. e3 $5 ({Known is} 
7. a3) 7... Nf6 8. Be2 c6 $6 ({Preferable is} 8... O-O 9. O-O Nbd7) 9. bxc6
bxc6 10. O-O O-O 11. Qc2 Qc7 12. Nc3 a3 13. Bc1 Nbd7 14. Rb1 Ne4 15. Nxe4 fxe4
16. Nd2 (16. Qxe4 $6 Nc5 $1 17. Qh4 Bf6 18. Qh6 Bg7 {draws (Tadic).}) 16... Nf6
17. Rb3 Bf5 18. Rxa3 {White grabs a pawn.} h5 19. Rxa8 Rxa8 20. a3 h4 21. Bb2
h3 22. g3 Qc8 23. Re1 $5 Rb8 24. Bc3 Nh7 25. a4 Ng5 26. Rb1 Ra8 27. Qd1 $5 c5
28. Rb6 Qe6 $2 {Carlsen plays opportunistically.} (28... Kh7 29. Qa1 Bg4 {
defends properly.}) 29. g4 $1 cxd4 30. Bxd4 Bxd4 31. exd4 e3 32. gxf5 gxf5 33.
Nf1 exf2+ 34. Kxf2 Ne4+ 35. Ke1 $1 {The king finds a safe haven.} Qf6 36. Qd3
Rxa4 37. Rb1 Qh4+ 38. Ng3 Kf7 39. Qf3 Kg7 40. Qf4 $5 Qxf4 41. Nh5+ Kf7 42. Nxf4
Ng5 43. d5 Kf6 44. Kf2 Ra3 45. Bd3 Ra2+ 46. Kg3 Ra3 47. Re1 Ne4+ 48. Kf3 Ng5+
49. Ke3 Ra2 50. Re2 Ra3 51. Rf2 Ne4 52. Rf3 {The world champion had been
beaten.} 1-0

[Event "Tata Steel"]
[Site "Wijk aan Zee 77"]
[Date "2015.01.13"]
[Round "4"]
[White "Radjabov, Teimour"]
[Black "Ding, Liren"]
[Result "0-1"]
[WhiteElo "2734"]
[BlackElo "2732"]
[Annotator "JvR"]
[PlyCount "80"]
[EventDate "2015.01.10"]
[EventCountry "NED"]

1. d4 Nf6 2. c4 g6 3. Nc3 Bg7 4. e4 d6 5. Nf3 O-O 6. h3 e5 7. d5 Nh5 8. g3 f5
9. exf5 gxf5 10. Ng5 Qe8 11. Be2 Nf6 12. Be3 Na6 13. Qd2 Bd7 14. O-O-O h6 $5
15. Nf3 $1 (15. Ne6 Bxe6 16. dxe6 Qxe6 17. Bxh6 Ne4 18. Nxe4 Qxh6 19. Ng5 {
equalises.}) 15... Nc5 16. Nh4 $5 (16. g4 $1 Ba4 17. Rdg1 {gains a plus.})
16... Nce4 17. Nxe4 Nxe4 18. Qc2 Ng5 $1 19. Bd3 e4 20. Be2 {White has little
advantage.} Rc8 $6 ({Preferable is} 20... Rb8 $5 21. Kb1 c5 22. dxc6 bxc6 {
(Ding Liren).}) 21. Kb1 c5 22. dxc6 Rxc6 23. Qd2 Be6 24. Bxg5 hxg5 25. Qxg5 {
Ding has compensation for the pawn.} Ra6 (25... b5 $1 26. cxb5 Ra6 $1 27. Ng6
Bxa2+ 28. Kc2 Rf7 29. bxa6 Qa4+ {leads to perpetual check.}) 26. Rd2 b5 $6 27.
Rc1 $6 (27. g4 $1 {attacks.}) 27... Qf7 {Ding's offer of a draw is not
accepted.} 28. Ng6 Bf6 29. Qh6 $2 ({Right is} 29. Qh5 $1 Rc8 30. Nf4 {and the
exchange of queens.}) 29... Rb8 $1 30. Nf4 Bxc4 31. Rxc4 $5 (31. Bxc4 bxc4 32.
Qh5 Rab6 33. Qxf7+ Kxf7 {wins for Black.}) 31... bxc4 32. Nd5 Bg7 $1 33. Qg5 c3
$1 34. Bc4 cxd2 35. Nf6+ Kf8 36. Nh7+ Ke8 37. Bxf7+ Kxf7 38. Qxf5+ Kg8 39. Kc2
$2 (39. Qe6+ Kxh7 40. Qxe4+ Kh8 41. Qh4+ Kg8 42. Qc4+ Kf8 43. Qf4+ Ke7 44. Qe4+
Be5 {wins for Black.}) 39... Rxb2+ 40. Kd1 Rb1+ $1 {Ding is a fine attacker.}
0-1

[Event "Tata Steel"]
[Site "Wijk aan Zee 77"]
[Date "2015.01.13"]
[Round "4"]
[White "Van Wely, Loek"]
[Black "Carlsen, Magnus"]
[Result "0-1"]
[WhiteElo "2667"]
[BlackElo "2862"]
[Annotator "JvR"]
[PlyCount "88"]
[EventDate "2015.01.10"]
[EventCountry "NED"]

1. d4 Nf6 2. c4 g6 3. Nf3 Bg7 4. g3 d5 5. cxd5 Nxd5 6. Bg2 Nb6 7. Nc3 Nc6 8.
O-O O-O 9. d5 Na5 10. Qc2 c6 11. dxc6 Nxc6 12. Rd1 Bd7 13. Bf4 Qc8 14. Rac1 Bf5
15. e4 Bg4 16. Qb3 $6 (16. Nd5 $1 Nxd5 17. exd5 {gains an advantage (Pliester
- Pribyl, Pardubice 1998).}) 16... Qe6 $1 17. Qxe6 $5 fxe6 18. e5 $1 {The
advance ..e5 has to be prevented.} Nd5 $5 19. Nxd5 exd5 20. Ng5 ({Not} 20. Rxd5
$2 Bxf3 21. Bxf3 g5 $1) 20... e6 21. f3 h6 $1 22. fxg4 hxg5 23. Bxg5 Nxe5 24.
Bf4 Nc6 25. g5 $2 ({Correct is} 25. Rc2) 25... Bxb2 {Thank you!} 26. Rc2 ({Or} 
26. Rb1 Bd4+ 27. Kh1 Bb6 $1) 26... Bd4+ 27. Kh1 Rad8 28. Rb1 Rf7 29. Bh3 Re8
30. Re2 e5 31. Rb5 Ref8 32. Be6 exf4 33. Rxb7 f3 $1 34. Rd2 Kg7 35. Bxf7 Rxf7
36. Rxf7+ Kxf7 37. Rd3 f2 38. Kg2 Ke6 39. h4 Bb6 40. Rf3 Ne5 41. Rf6+ Ke7 42.
a4 Bd4 43. g4 Nxg4 44. Rf4 Nh2 $1 {Carlsen started a comeback.} 0-1

[Event "Tata Steel"]
[Site "Wijk aan Zee 77"]
[Date "2015.01.15"]
[Round "5"]
[White "Carlsen, Magnus"]
[Black "Aronian, Levon"]
[Result "1-0"]
[WhiteElo "2862"]
[BlackElo "2797"]
[Annotator "JvR"]
[PlyCount "93"]
[EventDate "2015.01.10"]
[EventCountry "NED"]

1. d4 Nf6 2. c4 e6 3. Nf3 d5 4. Nc3 Bb4 5. cxd5 exd5 6. Bg5 h6 7. Bxf6 Qxf6 8.
Qa4+ Nc6 9. e3 O-O 10. Be2 Be6 11. O-O a6 12. Rfc1 Bd6 13. Qd1 Ne7 14. a3 Rfd8
$5 {Many moves have been played in this position.} 15. b4 Nc8 $5 16. Na4 b6 17.
Nb2 Ne7 18. Nd3 Ng6 19. a4 a5 20. b5 Re8 $5 21. Rc3 Bf5 22. Rac1 Rad8 23. Nd2
Rd7 $6 24. g3 $6 Nf8 $6 (24... Qe6 {prevents the next exchange.}) 25. Bg4 $1
Nh7 26. Bxf5 Qxf5 27. Qf3 $1 Qg5 28. h4 Qe7 29. Rc6 Nf6 30. Nf4 g6 $2 {Black
weakens his kingside: He should have made a waiting move.} 31. h5 $1 Kg7 32.
hxg6 fxg6 33. Nxd5 $1 Nxd5 34. Qxd5 Bxg3 35. Qg2 Bd6 36. Nc4 {White has a
superior position.} Rf8 $2 (36... Qd8 37. f4 {(Krasenkow)} Kh7 38. Ne5 Rg7 {
defends accurately.}) 37. Ne5 $1 Bxe5 38. Qxg6+ Kh8 39. Qxh6+ Kg8 40. dxe5 Qxe5
41. Rg6+ Kf7 42. Rc4 Qa1+ 43. Kg2 Rh8 44. Rf4+ Ke8 45. Re6+ Re7 46. Rxe7+ Kxe7
47. Re4+ {Carlsen won again.} ({The pointe is} 47. Re4+ Kd8 48. Rd4+ {(White
attacks the king and the rook)} Qxd4 49. Qg5+) 1-0